| 000 | 01353nam0a2200313 4500 | ||
|---|---|---|---|
| 001 | RU\NLR\bibl\1184628 | ||
| 005 | 20260405150439.0 | ||
| 010 |
_a978-5-317-02199-3 _9150 |
||
| 021 |
_aRU _b2008-16 _91 |
||
| 035 | _a(NLR Aleph) 001171208 | ||
| 090 |
_a1598536 _c1598536 |
||
| 100 | _a20080206d2007 |||y0rusy50 ca | ||
| 101 | 0 | _arus | |
| 102 | _aRU | ||
| 105 | _ay ||||||||| | ||
| 200 | 1 |
_aСимволическое в романтизме и романтическое в символизме _eопыт интерпретации на примере эволюции садово-паркового мотива в русском искусстве _fО.С. Давыдова |
|
| 210 |
_aМосква _cМакс Пресс _d2007 |
||
| 215 |
_a61, [1] с. _d21 |
||
| 320 | _aБиблиогр. в примеч.: с. 52-62 | ||
| 606 | 1 |
_aИзобразительное искусство русское _xТематика _z18 - 20 вв. _92344599 _3RU\NLR\auth\661401189 |
|
| 686 | _aЩ103(2Р=Рус)7-3 | ||
| 700 | 1 |
_4070 _7ca _8rus _aДавыдова _bО. С. _cканд. искусствоведения _f1983- _gОльга Сергеевна _944686 _3RU\NLR\AUTH\7761756 |
|
| 801 | 0 |
_aRU _bNLR _c20080206 _gRCR |
|
| 801 | 1 |
_aRU _bNLR _c20080206 |
|
| 830 | _aавт. по кн. | ||
| 942 | _cBOOK | ||
| 980 | _aNB | ||